La cause en matir̈e contractuelle

Bibliographic Details
Main Author: Mouchili, Jean Loc̐
Format: eBook
Language:French
Published: Yaund:̌ Éditions Universitaires Europěnes, 2019
Subjects:
Online Access:Acceso restringido

MARC

LEADER 00000nam a22000007a 4500
005 20190913124155.0
007 cr|||| ||||
008 190913s2019 cm |||||s|||| 00||0 fre d
020 |a 9786138474241 
035 |a 24932 
040 |a vLex 
090 |c 9508  |d 9508 
100 1 |a Mouchili, Jean Loc̐ 
245 1 2 |a La cause en matir̈e contractuelle  |h [Recurso electrn̤ico] /  |c Jean Loc̐ Mouchili 
256 |a Servicio en ln̕ea 
260 |a Yaund:̌  |b Éditions Universitaires Europěnes,  |c 2019 
300 |a 1 recurso electrn̤ico 
506 1 |a Disponible solo en los productos indicados  |d vLex Global  |d vLex Global (Academic Edition, excluding Law Schools)  |d vLex Global (U.S. Academic Edition, Law Schools)  |d vLex Global (U.S. Academic Edition, excluding Law Schools)  |d vLex Global (Academic Edition, Law Schools) 
650 0 4 |a Derecho Pb︢lico y Administrativo  |z Camern︢ 
740 0 |a vLex Libros (Servicio en ln̕ea) 
856 4 0 |u http://vlex.com/source/24932  |z Acceso restringido 
942 |c BOOK 
999 0 |a Public and Administrative Law